[Event "Rome Elo op 5th"]
[Site "Rome"]
[Date "2009.10.14"]
[Round "4"]
[White "Foschini, Andrea"]
[Black "Migliozzi, Giuseppe"]
[Result "1-0"]
[WhiteElo "1825"]
[BlackElo "1762"]
[PlyCount "91"]
[EventDate "2009.09.16"]
[EventType "swiss"]
[EventRounds "5"]
[EventCountry "ITA"]
[SourceTitle "EXT 2012"]
[Source "ChessBase"]
[SourceDate "2011.11.24"]
[SourceVersion "1"]
[SourceVersionDate "2011.11.24"]
[SourceQuality "1"]

1. e4 d5 2. exd5 Qxd5 3. Nc3 Qa5 4. d4 Nf6 5. Bc4 Bf5 6. Bd2 c6 7. Nd5 Qd8 8. Nxf6+ gxf6 9. Bf4 e6 10. Nf3 Bg4 11. c3 Bd6 12. Bg3 Qc7 13. Qd3 Bxg3 14. hxg3 h5 15. 0-0-0 Nd7 16. Qe3 Nb6 17. Bb3 Nd5 18. Bxd5 cxd5 19. Rd2 a5 20. Nh4 0-0-0 21. Qd3 e5 22. Re1 e4 23. Qe3 a4 24. Qf4 Qxf4 25. gxf4 Bd7 26. g3 Bg4 27. Ng2 Kc7 28. Ne3 Bf3 29. Nf5 Bg4 30. Nh4 b5 31. Rc2 Kd6 32. Kd2 Rc8 33. a3 Rc7 34. Rh1 Re8 35. Rcc1 Rce7 36. Rce1 Kd7 37. Rh2 Kc6 38. Ke3 Kd7 39. Reh1 Bf3 40. Nxf3 exf3+ 41. Kxf3 Re2 42. Rxh5 Kc6 43. Rh6 R8e6 44. f5 Re8 45. Rxf6+ Kb7 46. Rxf7+ 1-0

[Event "Rome Elo op 3rd"]
[Site "Rome"]
[Date "2009.03.25"]
[Round "3"]
[White "Migliozzi, Giuseppe"]
[Black "Belli, Alessandro"]
[Result "1-0"]
[WhiteElo "1732"]
[BlackElo "1517"]
[PlyCount "97"]
[EventDate "2009.03.11"]
[EventType "swiss"]
[EventRounds "6"]
[EventCountry "ITA"]
[SourceTitle "EXT 2011"]
[Source "ChessBase"]
[SourceDate "2010.11.26"]
[SourceVersion "1"]
[SourceVersionDate "2010.11.26"]
[SourceQuality "1"]

1. Nf3 Nf6 2. b3 e6 3. Bb2 b6 4. e3 Bb7 5. d4 d5 6. Bd3 Bd6 7. 0-0 0-0 8. c4 Nbd7 9. Nc3 Ne4 10. Nb5 Be7 11. cxd5 exd5 12. Rc1 c6 13. Nc3 f5 14. Ne2 Bd6 15. Ne5 Bxe5 16. dxe5 Qe7 17. f4 Rac8 18. a4 Kh8 19. Ra1 Rg8 20. a5 b5 21. a6 Ba8 22. Ba3 Qh4 23. Bxe4 fxe4 24. Nd4 g6 25. Bb2 h5 26. Ne6 Kh7 27. Ng5+ Kh6 28. Nxe4 c5 29. Ng5 Qg4 30. Qxg4 hxg4 31. Nf7+ Kh7 32. e6 Rcf8 33. Ng5+ Kh6 34. exd7 Kh5 35. Ne6 Rb8 36. d8Q Rbxd8 37. Nxd8 Rxd8 38. f5 gxf5 39. Rxf5+ Kg6 40. Raf1 d4 41. Rf8 Rd6 42. Rxa8 d3 43. Rxa7 d2 44. Rg7+ Kh6 45. Rd1 c4 46. bxc4 bxc4 47. a7 Rd8 48. Rd7 Rc8 49. R7xd2 1-0

[Event "Zichichi Memorial"]
[Site "Ladispoli"]
[Date "2008.05.??"]
[Round "1"]
[White "Migliozzi, Giuseppe"]
[Black "Mecali, Antonello"]
[Result "0-1"]
[WhiteElo "1407"]
[BlackElo "1858"]
[PlyCount "78"]
[EventDate "2008.05.01"]
[EventType "swiss"]
[EventRounds "7"]
[EventCountry "ITA"]
[SourceTitle "EXT 2009"]
[Source "ChessBase"]
[SourceDate "2008.11.26"]
[SourceVersion "1"]
[SourceVersionDate "2008.11.26"]
[SourceQuality "1"]

1. Nf3 c5 2. c4 Nc6 3. b3 Nf6 4. Bb2 g6 5. Nc3 Bg7 6. g3 0-0 7. Bg2 d6 8. 0-0 a6 9. Re1 Rb8 10. Nd5 e6 11. Nxf6+ Bxf6 12. Bxf6 Qxf6 13. e3 b5 14. cxb5 axb5 15. d4 cxd4 16. Nxd4 Nxd4 17. exd4 d5 18. Rc1 Bb7 19. Rc5 b4 20. Bf1 Ba8 21. Bb5 Rfc8 22. Rxc8+ Rxc8 23. Qd2 Rc3 24. Ba4 Qf3 25. Bb5 Kg7 26. Be2 Qe4 27. Bd1 Rd3 28. Qe2 Qxd4 29. h4 Rd2 30. Qf1 Rxa2 31. h5 Bb7 32. g4 Ba6 33. Qg2 Qd2 34. Rxe6 Qxd1+ 35. Kh2 fxe6 36. Qg3 Qd4 37. h6+ Kf6 38. g5+ Kf5 39. Qf3+ Qf4+ 0-1